| 000 | 00696nam a22002057a 4500 | ||
|---|---|---|---|
| 003 | OSt | ||
| 005 | 20250911175820.0 | ||
| 008 | 250911b |||||||| |||| 00| 0 eng d | ||
| 040 |
_aCO-UdeC _bspa _cCO-UdeC |
||
| 041 | 0 | _aspa | |
| 082 | 0 | 4 |
_a070.44 _bV436 |
| 100 | 1 | _aVélez Vélez, Luis Fernando | |
| 245 | 1 | 0 |
_aPruebas de vida / _cLuis Fernando Vélez Vélez |
| 260 |
_aMedellín : _bImprenta Departamental, _c1997 |
||
| 300 |
_a288 p. ; _c21 cm |
||
| 650 | 1 | 4 |
_aAdministración de justicia _vEnsayos, conferencias, etc. |
| 650 | 1 | 4 |
_aAdministración de justicia penal _vCasos |
| 650 | 1 | 4 |
_aIndígenas de Colombia _xSituación legal _xCasos |
| 942 |
_2ddc _cBK _h070.44 _iV436 _n0 |
||
| 999 |
_c2061 _d2061 |
||